| 000 | 00606nam a2200169Ia 4500 | ||
|---|---|---|---|
| 003 | GCL | ||
| 008 | 140319s9999 xx 000 0 ara d | ||
| 040 |
_aGCL / _cGCL |
||
| 082 | 0 | 4 |
_a870.03 _bم ف |
| 100 | 1 | _aسامى الدروبى (مترجم) | |
| 245 | 1 | 0 |
_aالفيلسوف أم الكلب ? (هدية من الاديب عبدالفتاح الجمل) / _cسامى الدروبى (مترجم) |
| 700 | 1 | _aدوأسيس، ماشارو | |
| 490 |
_aروايات الهلال _v0 |
||
| 650 | 0 | 4 | _aالادب البرازيلى المترجم |
| 650 | 0 | 4 | _aالقصة البرزايلى |
| 942 |
_2ddc _cBK |
||
| 999 |
_c40148 _d40148 |
||